UBT Library

Competitive strategy dynamics / (Record no. 1138)

000 -LEADER
fixed length control field 00521nam a22001937a 4500
008 - FIXED-LENGTH DATA ELEMENTS--GENERAL INFORMATION
fixed length control field 150722b xxu||||| |||| 00| 0 eng d
020 ## - INTERNATIONAL STANDARD BOOK NUMBER
International Standard Book Number 0471899496
041 0# - LANGUAGE CODE
Language code of text/sound track or separate title eng
080 ## - UNIVERSAL DECIMAL CLASSIFICATION NUMBER
Universal Decimal Classification number 658.5
100 1# - Rafti
Rafti Warren, Kim ;
245 10 - TITLE STATEMENT
Title Competitive strategy dynamics /
Statement of responsibility, etc Kim Warren.
260 ## -
-- Chichester, West Sussex, UK :
-- Wiley,
-- c2002.
300 ## -
-- xiii, 330 f. :
-- me ill. ;
-- 25 cm.
500 ## -
-- Preface : f. [ix]-xiii
650 #0 -
-- Strategjia
650 #0 -
-- Konkuruese
650 #0 -
-- Dinamika
942 ## - ADDED ENTRY ELEMENTS (KOHA)
Source of classification or shelving scheme
Item type Books
Holdings
Withdrawn status Lost status Source of classification or shelving scheme Damaged status Not for loan Collection code Permanent location Current location Shelving location Date acquired Total Checkouts Full call number Date last seen Price effective from Koha item type
          Koleksioni i përgjithshem UBT - Prishtine UBT - Prishtine Koleksioni i përgjithshem 07/22/2015   658.5 WAR 07/22/2015 07/22/2015 Books
UBT Library © 2015-2024. All rights reserved University Education for Business and Technology